000 00303nam a22001217a 4500
008 160430b xxu||||| |||| 00| 0 eng d
020 _a9780534578053
020 _a0534578055
041 _aeng
080 _a612.39
245 _aNutrition concepts and controversies:
_cJana Kicklighter;
942 _2udc
_cBK
999 _c1708
_d1708